00225nam a2200097Ia 4500008004100000100000900041245002000050260003300070942000700103999001700110190216s9999||||xx |||||||||||||| ||und|| aNull 0aHindi-Sedunanth bPoomkavanam Books Publishers cBK c18343d18343